<?xml version="1.0" encoding="UTF-8"?>
<record
    xmlns:xsi="http://www.w3.org/2001/XMLSchema-instance"
    xsi:schemaLocation="http://www.loc.gov/MARC21/slim http://www.loc.gov/standards/marcxml/schema/MARC21slim.xsd"
    xmlns="http://www.loc.gov/MARC21/slim">

  <leader>01005naa a22001937i 4500</leader>
  <controlfield tag="001">8851</controlfield>
  <controlfield tag="003">KOSZ 005</controlfield>
  <controlfield tag="005">20180409131729.0</controlfield>
  <controlfield tag="008">180308s1997    pl  |||f| ||||1|| 0 pol  </controlfield>
  <datafield tag="040" ind1=" " ind2=" ">
    <subfield code="c">KOSZ 005/HR</subfield>
    <subfield code="a">KOSZ 005/HR</subfield>
  </datafield>
  <datafield tag="041" ind1="0" ind2=" ">
    <subfield code="a">pol</subfield>
  </datafield>
  <datafield tag="100" ind1=" " ind2=" ">
    <subfield code="a">WYSOCKA-MODER, Beata.</subfield>
    <subfield code="b">Politechnika Koszali&#x144;ska - Instytut Zarz&#x105;dzania i Marketingu</subfield>
  </datafield>
  <datafield tag="245" ind1="1" ind2="0">
    <subfield code="a">Rozwi&#x105;zania rachunkowo&#x15B;ci zarz&#x105;dczej na przyk&#x142;adzie &#x201E;Telcza&#x201D; sp. z o.o. w Czaplinku</subfield>
    <subfield code="c">Beata Wysocka-Moder, Beata Zaleska.</subfield>
  </datafield>
  <datafield tag="655" ind1=" " ind2="0">
    <subfield code="a">Materia&#x142;y konferencyjne</subfield>
  </datafield>
  <datafield tag="700" ind1="1" ind2=" ">
    <subfield code="a">ZALESKA, Beata.</subfield>
    <subfield code="b">Politechnika Koszali&#x144;ska - Instytut Ekonomii i Zarz&#x105;dzania,</subfield>
    <subfield code="d">1996 - .</subfield>
  </datafield>
  <datafield tag="711" ind1=" " ind2=" ">
    <subfield code="a">Og&#xF3;lnopolski Zjazd Katedr Rachunkowo&#x15B;ci</subfield>
    <subfield code="d">(1997 ;</subfield>
    <subfield code="c">Ustro&#x144;, Polska)</subfield>
  </datafield>
  <datafield tag="773" ind1=" " ind2=" ">
    <subfield code="i">W :</subfield>
    <subfield code="t">Rachunkowo&#x15B;&#x107; w gospodarce rynkowej : nauka i praktyka : materia&#x142;y konferencyjne : Og&#xF3;lnopolski Zjazd Katedr Rachunkowo&#x15B;ci, Ustro&#x144; 17-19 wrze&#x15B;nia 1997. -</subfield>
    <subfield code="d">Katowice : Wydaw. Uczelniane AE, 1997. -</subfield>
    <subfield code="z">8387265179 </subfield>
    <subfield code="g">s. 103-112</subfield>
  </datafield>
  <datafield tag="942" ind1=" " ind2=" ">
    <subfield code="c">ROZ</subfield>
    <subfield code="2">UKD</subfield>
  </datafield>
  <datafield tag="999" ind1=" " ind2=" ">
    <subfield code="c">8851</subfield>
    <subfield code="d">8851</subfield>
  </datafield>
</record>
